Missing Word: Names of Boy Bands Quiz Stats

 Plays Quiz Updated Jun 6, 2012

Support Sporcle.
Go Orange.
Score 0/20 Timer 02:00
0 Plays Today
Boy Band Missing Word % Correct
Backstreet ______Boys
99.5%
New ______ on the BlockKids
96.8%
Jonas ______Brothers
94.2%
Boyz II ______Men
90.9%
*N______SYNC
83.8%
______ DirectionOne
79.8%
The ______ 5Jackson
74.7%
______-4-OneAll
73%
98 ______Degrees
67.6%
______ EditionNew
55.1%
Boy Band Missing Word % Correct
Right Said ______Fred
55%
______ City RollersBay
49.3%
______ Me BaddColor
48.2%
a-______ha
44.9%
O-______Town
40.2%
Black______street
27.9%
Hi-______Five
20.3%
Dru ______Hill
18.7%
The ______ BrothersOsmond
14.4%
Mindless ______Behavior
10%

Today's Daily Dose

You're not logged in!

Compare scores with friends on all Sporcle quizzes.
OR
Log In

From the Vault

Olympic Countries No More

by erlking

We think Xanadu should have at least had one more shot at the gold.
Remove Ads.
Support Sporcle.
Get the best of Sporcle when you Go Orange. This ad-free experience offers more features, more stats, and more fun while also helping to support Sporcle. Thank you for becoming a member.

Show Comments

Extras

Top Quizzes Today


Score Distribution

Your Account Isn't Verified!

In order to create a playlist on Sporcle, you need to verify the email address you used during registration. Go to your Sporcle Settings to finish the process.

Report this User

Report this user for behavior that violates our Community Guidelines.

Details: